Comment expliquer le dualisme du marché du travail a partir de comportements rationnels?

Pokus o zaplnenie medzier v doposiaľ vytvorených modeloch, reprezentujúcich dualizmus trhu práce. Alternatívne prostriedky regulácie pracovných vzťahov. Vysvetlenie rozdelenia firiem medzi primárnym a sekundárnym sektorom. Vysvetlenie existencie viacerých foriem dualizmu. Základné charakteristiky a...

Descrizione completa

Salvato in:
Dettagli Bibliografici
Autore principale: Cahuc, P.
Altri autori: Zajdela, H.
Natura: Capitolo di libro
Lingua:francese
Soggetti:
Tags: Aggiungi Tag
Nessun Tag, puoi essere il primo ad aggiungerne!!

MARC

LEADER 00000naa a2200000 4500
001 r005871
005 20221125091704.6
041 0 |a fre 
044 |a FR 
245 1 0 |a Comment expliquer le dualisme du marché du travail a partir de comportements rationnels?  |c P. Cahuc, H. Zajdela 
520 |a Pokus o zaplnenie medzier v doposiaľ vytvorených modeloch, reprezentujúcich dualizmus trhu práce. Alternatívne prostriedky regulácie pracovných vzťahov. Vysvetlenie rozdelenia firiem medzi primárnym a sekundárnym sektorom. Vysvetlenie existencie viacerých foriem dualizmu. Základné charakteristiky a funkcie trhu práce. 
610 2 0 |a trh práce 
610 2 0 |a vzťahy pracovné 
610 2 0 |a regulácia 
610 2 0 |a firmy 
610 2 0 |a sféra primárna 
610 2 0 |a sféra sekundárna 
100 1 |a Cahuc, P. 
700 1 |a Zajdela, H.